00350pab a2200145 454500008004000000100001900040245004400059260000900103300000800112362001100120650002800131650001700159650000900176773001900185180718b2000 xxu||||| |||| 00| 0 eng d aSingh, Shekhar aThe karma of dams: reservoirs of sorrow c2000 ap.8 a25 Oct aWater resources - India aDams - India aDams aIndian Express